1335 1344 1648 1883 1777 1498 1988 1173 1461 1816 1738 1129 1758 1001 1343 1792 1809 1160 1826 1522 1048 1772 1736 1321 1211 1127 1405 1336 1574 1104 1201 1596 1030 1467 1799 1458 1007 1883 1173 1941 1340 1334 1324 1907 1008 1816 1907 1220 1167 1794 1675 1813 1480 1426 1898 1038 1435 1983 1043 1658 1900 1262 1886 1743 1168 1019 1788 1525 1527 1921 1318 1662 1332 1512 1533 1429 1645 1238 1172 1584 1518 1183 1435 1573 1660 1386 1453 1730 1693 1161 1412 1659 1280 1587 1879 1794 1774 1702 1686 BCNSPRNW ULIB Ver.6.0+V

เปลี่ยนเป็นภาษาไทย

Change to English
 แสดงรายละเอียดบรรณานุกรม
  กลับหน้าหลัก

Brief Record : Get Marc (ISO 2709) : E-mail record : QR code < ปิดหน้าต่าง
LEADER : 00000nam 2200000uu 4500
001    13399120425
003     ULIB
008    120920s2552||||th 000 0 tha d
020    ^a9789748182704
060 04 ^aWB105^bส232ต 2552
245 00 ^aเวชศาสตร์ฉุกเฉิน /^cบรรณาธิการ, สมเกียรติ วัฒนศิริชัยกุล,ดุจเดือน สีละมาด, กานดิษฎ์ ประยงค์รัตน์
246 14 ^aตำราเวชศาสตร์ฉุกเฉิน
246 14 ^aTextbook of emergency medicine
250    ^aพิมพ์ครั้งที่ 2
260    ^a[นครนายก] :^bโครงการตำรา คณะแพทยศาสตร์มหาวิทยาลัยศรีนครินทรวิโรฒ,^c2552
300    ^a1104 หน้า :^bภาพประกอบ ;^c22 ซม.
650  7 ^aเวชศาสตร์ฉุกเฉิน
650  7 ^aภาวะฉุกเฉิน
700 0  ^aสมเกียรติ วัฒนศิริชัยกุล,^eบรรณาธิการ
700 0  ^aดุจเดือน สีละมาด,^eบรรณาธิการ
700 0  ^aกานดิษฎ์ ประยงค์รัตน์,^eบรรณาธิการ
710 2  ^aมหาวิทยาลัยศรีนครินทรวิโรฒ. ^bคณะแพทยศาสตร์
945    ^p720^l0^i15818
945    ^p720^l0^i15819
995    ^aกัณชพร
999 ^a ใช้งานได้ทุกระบบ
รายการนี้ยังไม่มีแท็ก
คุณยังไม่ได้ล็อกอิน คุณสามารถมีกิจกรรมร่วมกับเว็บไซต์ได้ แต่ต้องล็อกอินก่อน ::
  ล็อกอิน

รายการสื่อสารสนเทศ

ลำดับที่ ประเภท เลขเรียก/บาร์โค้ด สถานที่ สถานะ
- ไม่พบข้อมูล -

รายการใกล้เคียง
    หัวเรื่อง [เวชศาสตร์ฉุกเฉิน]
    หัวเรื่อง [ภาวะฉุกเฉิน]

BibComment


ยังไม่เคยถูกคอมเมนท์

คอมเมนท์ทรัพยากรรายการนี้
  คอมเมนท์: เวชศาสตร์ฉุกเฉิน..


 Copyright 2026. Bcnsprnw @Library